000 00571 a2200169 4500
020 _a0070575401
040 _aDLC
_bDLC
082 _a515.35
100 _aSimmons, George Finlay
245 _aDifferential equations with applications and historical notes
_cGeorge Finlay Simmons
260 _aNew Delhi :
_bMcGraw-Hill,
_cc1991.
300 _axxi, 629 p. .
_b: ill.
_c; 24 cm
440 _aInternational series in pure and applied mathematics
500 _aIncludes bibliographical references and index
650 _aDifferential equations
942 _cBK
_k515.35 SIM
_2ddc
999 _c7577
_d7577